00822nam a2200217Ia 4500003000900000008004100009040001300050040001300063041000800076100002000084245009000104250001200194260001600206260000900222300001200231490000600243600013300249942000700382999001700389952019800406IT-RoPAU120407s9999 xx 000 0 und d aIT-RoPAU cIT-RoPAU aita aGiacomo Martina aLa chiesa nell’età dell’assolutismo, del liberalismo, del totalitarismo. 5a ed. aBrescia aMorcelliana c1983 c21,5 cm v1 a"1° L’età della Riforma 2° L’età dell’Assolutismo 3° L’età del Liberalismo 4° L’età del Totalitarismo" cBK c17535d17535 00102ddc406270_50000000000000071aPAULUSbPAULUSd2012-04-11l0o270.50r2012-04-11 00:00:00w2012-04-11yBKzInserito da: Jole In data: 12 settembre 2011 fondo: Via A.Severo 56 Progr:18613